000 006240000a22002050004500
999 _c62723
_d62723
001 768714001
003 CO-MdFUSB
005 20170726155656.0
008 170726s1981 mx ||||| |||| 00| 0 spa d
022 _a0122-2996
040 _aCO-MdFUSB
_bspa
_cCO-MdFUSB
_dCO-MdFUSB
041 _aspa
100 1 _aMcintosh B., Estuardo
_eautor
245 1 0 _aProceso teológico:
_bde la palabra al pueblo
300 _a Número 1 (1981), Páginas 9-15
_c22 cm.
546 _aTexto en español
650 1 4 _aHERMENÉUTICA
773 0 _tBoletín Teológico
_049507
_961435
_g Número 1 (1981), Páginas 9-15
_qPágina 9
942 _cANA